000
00201 a2200097 4500
001
30525
100
_a
Turner
245
_a
Literature : Advanced Test
260
_a
NY
_b
Arco
_c
090
_c
20456
_d
20456
942
_a
NUST-CAE
_c
M
_c
11621
999
_c
265598
_d
265598